000 00847nam a2200241 a 4500
005 20200104041522.0
008 160223b1997 xxu||||gr|||| 00| 0 spa d
040 _aCO-BoIAVH
_cCO-BoIAVH
041 _aspa
_heng
082 0 4 _a333.750723
_bC75s
110 2 _bConsejo Centroamericano de bosques y áreas protegidas
245 1 _aSegunda reunión de inversión privada en el sector forestal de las Américas
260 _aCaracas
_bFAO
_bConsejo Centroamericano de bosques y áreas protegidas
_c1998
300 _a68 paginas :
_c29 x 21 cm
650 6 _aUso sostenible
650 6 _aProductos maderables
650 6 _aManejo de biodiversidad
650 6 _aRecursos forestales
650 6 _aMercados internacionales
650 6 _aConcesión forestal
662 _cAmérica
942 _cLIBRO
_2ddc
999 _c1570
_d1570